| 000 | 00732nam a2200181Ia 4500 | ||
|---|---|---|---|
| 008 | 220216s9999 xx 000 0 und d | ||
| 100 | _aThomas V | ||
| 245 | 0 | _aRoot anatomy of modified root trainer plants of Hevea brasiliensis | |
| 260 | _bIn: Advances and Challenges in Plant Breeding, Biotechnology and Conservation. (Eds. R.B. Smitha; R. Prakashkumar; N.S. Pradeep; K.V. Mohanan and P.V. Madhusoodanan). Malabar Botanical Garden and Institute for Plant Sciences, Kozhikode, India, pp. 121-130. | ||
| 650 | _aBirefringence | ||
| 650 | _aHevea brasiliensis | ||
| 650 | _aPlanting material | ||
| 650 | _aRoot anatomy | ||
| 650 | _aRoot architecture | ||
| 650 | _aRoot trainer plants | ||
| 700 | _aShankar S | ||
| 942 | _cBS | ||
| 999 |
_c49441 _d49441 |
||